Gaming Quiz

Random Gaming or Board Games Quiz

Toy Crazes! Quiz Stats

 Plays Quiz not verified by Sporcle

Score 0/22 Timer 05:00
2 Plays Today
% Correct
Transformers
89.6%
My Little Pony
88.8%
Rubiks Cube
88.5%
Tickle Me Elmo
87%
Nintendo Game Boy
85.2%
Barney
84.9%
Pokémon
84%
Teenage Mutant Ninja Turtles
83.6%
Razor Scooter
81.8%
Trivial Pursuit
81.2%
Cabbage Patch Kids
80.9%
% Correct
Nintendo Wii
76.3%
Furby
75.2%
Bratz dolls
65.5%
Beanie Babies
63.3%
Pogs
53.3%
Tamagotchi
51.6%
GoBots
15.3%
FurReal Cat
15%
Zhu Zhu Pets
12%
Squinkies
4.1%
RoboSapiens
3.2%

You're not logged in!

Compare scores with friends on all Sporcle quizzes.
OR
Log In

Show Comments

Extras

Top Quizzes Today


Score Distribution

Your Account Isn't Verified!

In order to create a playlist on Sporcle, you need to verify the email address you used during registration. Go to your Sporcle Settings to finish the process.

Report this User

Report this user for behavior that violates our Community Guidelines.

Details: